| 000 | 01354cab a2200277 4500 | ||
|---|---|---|---|
| 001 | ABS48200 | ||
| 008 | 090401t1993 xxu||||| |||| 00| 0 eng d | ||
| 035 | _a(Sirsi) u65434 | ||
| 041 | _aeng | ||
| 245 | _aWilson v Stockport MBC | ||
| 260 | _c1993 | ||
| 350 | _a0 | ||
| 490 |
_aRating & Valuation Reporter _v(1993) 33 RVR 3-5(3) |
||
| 520 | _aLT 14 January 1993. In 1988 S issued a cpo under Housing Act 1985 on the claimants property situated in a clearance area. Lack of medical evidence to show a real possibility of claimant returning to live in the property after deterioration of her health together with removal of furniture by relatives and obtaining a void allowance on general rates made it impossible for LT to conclude that W remained in occupation of the property through the relevant period to enable her to qualify for an owner occupier supplement payable under Housing Act 1969 sch 5. | ||
| 650 | _aCLEARANCE AREAS | ||
| 650 |
_aCompulsory purchase _96228 |
||
| 650 | _aHOUSING ACT 1969 SCHED 5 | ||
| 650 | _aHOUSING ACT 1985 PART IX | ||
| 650 | _aHOUSING ACT 1985 SCHED 24 | ||
| 650 | _aOWNER-OCCUPIER SUPPLEMENT | ||
| 650 | _aRYDE'S SCALE | ||
| 650 | _aUNFIT HOUSES | ||
| 690 | _aENVIRONMENTAL AND LAND CONSULTANCY-PLANNING AND DEVELOPMENT-COMPULSORY PURCHASE AND COMPENSATION | ||
| 942 | _n0 | ||
| 948 | _c04/03/1997 | ||
| 999 |
_c40800 _d40800 |
||